| 000 | 00403nam a2200169Ia 4500 | ||
|---|---|---|---|
| 005 | 20240823043649.0 | ||
| 008 | 240823s9999||||xx |||||||||||||| ||und|| | ||
| 041 | _aENGLISH | ||
| 082 | _A331.714 | ||
| 100 | _aAlagappa University | ||
| 245 | 0 | _aManagerial Economics | |
| 250 | _a1st | ||
| 260 | _bAlagappa Unive | ||
| 500 | _aTRANSFERED | ||
| 650 |
_aEconomics _bManagement Studies |
||
| 942 | _cBK | ||
| 999 |
_c210749 _d210749 |
||